000 01864nam0a2200349 4500
001 RU\NLR\bibl\1856014
005 20260406021802.0
010 _a978-5-7845-0330-5
_9600
021 _aRU
_b2011-98987
_97092
035 _a(NLR Aleph) 001845943
090 _a2336169
_c2336169
100 _a20120113d2011 |||y0rusy50 ca
101 0 _arus
102 _aRU
105 _ay |||||||||
200 1 _aПраво государственной и муниципальной службы
_eучебное пособие
_fсост.: к.юр.н., доц. А.С. Васильева и др.
_gпод ред. д.юр.н. А.В. Гусева и др.
210 _aЕкатеринбург
_cУральская государственная юридическая академия
_d2011
215 _a380, [2] с.
_d25
320 _aБиблиогр. в подстроч. примеч.
606 1 _aГосударственная служба
_jУчебные издания для высших учебных заведений
_yРоссийская Федерация
_92077886
_3RU\NLR\auth\661253643
606 1 _aМуниципальная служба
_jУчебные издания для высших учебных заведений
_yРоссийская Федерация
_92122427
_3RU\NLR\auth\661281474
686 _aХ621.02я73
686 _aХ621.011.2я73
702 1 _4220
_7ca
_8rus
_aВасильева
_bА. С.
_cканд. юрид. наук
_f1979-
_gАнна Сергеевна
_986385
_3RU\NLR\auth\77103459
702 1 _4340
_7ca
_8rus
_aГусев
_bА. В.
_cд-р юрид. наук, трудов. право
_f1958-
_gАндрей Владимирович
_9106244
_3RU\NLR\auth\77123319
801 0 _aRU
_bNLR
_c20120113
_gRCR
801 1 _aRU
_bNLR
_c20120113
942 _cBOOK
980 _aNB
980 _aNBR